| 000 | 00935cam a2200277 a 4500 | ||
|---|---|---|---|
| 001 | 000006511 | ||
| 003 | DO-SdBNP | ||
| 005 | 20251030133708.0 | ||
| 008 | 761029s1975 ve b 000 0 spa | ||
| 035 | _a(DLC) 76482881 | ||
| 040 |
_aDO-SdBNP _cDLC _dDLC |
||
| 049 | _aBNGR | ||
| 082 |
_a987.04 _bM188h |
||
| 100 | 1 |
_aMagallanes, Manuel Vicente. _918059 |
|
| 245 | 1 | 0 |
_aHistoria política de Venezuela / _cManuel Vicente Magallanes. |
| 260 |
_aCaracas : _bMonte Ávila, _c[1975]. |
||
| 300 |
_a3 v. ; _c18 cm. |
||
| 490 | 1 | _aLetra viva | |
| 500 | _aLa bibliteca posee el tomo 3. | ||
| 504 | _aBibliografía: v. 3, p. 171-176. | ||
| 505 | 0 | _a1. Luchas e insurrecciones. Partidos y facciones -- 2. Oligarquia y militarismo. Partidos tradicionales -- 3. Nepotismo. | |
| 651 | 4 |
_aVenezuela _xPolítica y gobierno, 1810-1821 _926230 |
|
| 830 | 0 |
_aLetra viva _95252 |
|
| 910 | _aCatalogación original noche | ||
| 942 |
_2ddc _cLBS1 |
||
| 999 |
_c6302 _d6302 |
||